| 000 | 00000nam##2200000za#4500 |
| 001 | 9.695348 |
| 003 | CaOODSP |
| 005 | 20220125145842 |
| 007 | cr ||||||||||| |
| 008 | 150407|2006||||xxc|||||o f|0| 0 eng|d |
| 040 | |aCaOODSP|beng |
| 043 | |an-cn--- |
| 086 | 1 |aD2-294/2006E-PDF |
| 110 | 1 |aCanada. |bDepartment of National Defence. |
| 245 | 10|aCanadian Forces Dental Services : |h[electronic resource]|ban introduction and history |
| 260 | |aOttawa - Ontario : |bNational Defence |c[2006?]. |
| 300 | |a19p.|bcoloured illus., references, photographs |
| 500 | |aCaption title. |
| 590 | |a11-30-Supp|b2011-12-02 |
| 690 | 07|aArmed forces|2gcpds |
| 690 | 07|aMilitary history|2gcpds |
| 690 | 07|aOral health|2gcpds |
| 690 | 07|aHealth|2gcpds |
| 775 | 08|tService dentaire des Forces canadiennes : |w(CaOODSP)9.639497 |
| 856 | 40|ahttp://publications.gc.ca|qPDF|s1.59 MB|uhttps://publications.gc.ca/collections/collection_2011/dn-nd/D2-294-2006-eng.pdf |